000 00383 a2200169 4500
001 190911
020 _a978-85-68037-02-7
040 _cMagnum
100 _aFernandes, Thiago
240 1 0 _aO cavaleiro das sombras
_lpor
245 1 0 _aO cavaleiro das sombras
300 _a117
362 0 _a2014
440 1 _aAva Editora
697 _aLITERATURA INFANTO-JUVENIL
942 _cBK
999 _c190911
_d190911